Devinez le parcours de ces joueurs de foot N°4 - Statistiques

Statistiques générales
  • Ce quiz a été pris 4 617 fois
  • Le résultat moyen est 8 sur 12
Statistiques - réponses
Par images Réponse % Correct
Neymar
92%
Silva
84%
Matuidi
82%
Beckham
73%
Puyol
72%
Trapp
61%
Kaka
58%
Götze
57%
Henderson
50%
Lizarazu
50%
Barthez
44%
Blanc
38%
Aucun quiz correspondant
Distribution des résultats
% des personnes avec chaque résultat
Percentile par nombre de réponses
Votre historique - résultats
Vous n’avez pas pris ce quiz